000 01219nam a2200325 i 4500
003 EG-GICUC
005 20260121101435.0
008 251206s2015 ua ||||fr|||| 00| 0 ara d
017 _a٢٠١٣/١٦٨٤٤
020 _a978-977-729-044-9
040 _a EG-GICUC
_bara
_c EG-GICUC
_d EG-GICUC
_erda
041 0 _aara
082 0 4 _221
_a345.32
_bأ ب . ع
092 0 4 _221
099 _aLaw1 07 345.32 أ ب . ع 2015
100 0 _aأبو بكر أحمد عثمان
_eمؤلف.
245 1 0 _aعقود تفويض المرفق العام :
_bدراسة تحليلية مقارنة /
_cالدكتور أبو بكر أحمد عثمان.
264 1 _aالإسكندرية :
_bدار الجامعة الجديدة،
_c2015.
300 _a240 ؛صفحة
_c24 سم.
336 _2rda content
_atext
337 _2rda media
_aComputer
338 _2rda carrier
_aOnline Resource
504 _aيشتمل على إرجاعات ببليوجرافية.
546 _aالنص باللغة العربية
650 1 4 _aالمرافق العامة
650 1 4 _aالقانون الإداري
856 4 0 _uhttps://fll.law.cu.edu.eg/fulltext/bks/B07-01311.pdf
905 _a32
_eYara
942 _2ddc
_cBK
_e21
_n0
999 _c48721
_d48721